| 000 | 00955cam a22002054a 4500 | ||
|---|---|---|---|
| 005 | 20250605164044.0 | ||
| 008 | 250528s ||||||||||||||||||||||||d | ||
| 035 | _a17078 | ||
| 020 | _a631161953 | ||
| 040 |
_aGR-AtMCL _bgre _dGR-AtMCL _eAACR2 |
||
| 245 | 1 | _aUnderstanding Abnormal Psychology / Basic Psychology | |
| 250 | _a1st | ||
| 260 |
_bBlackwell Publishers, _c1998 |
||
| 300 | _a374 | ||
| 520 | _aThis book offers an animated and comprehensive introduction to common psychological problems, and guides beginning students in both psychology and clinical psychology through theoretical debates and practical therapies. Acknowledgements, Introduction, Anxiety Disorders, Eating Disorders, Affective Disorders, Schizophrenia, Drug Abuse, Sexual Dysfunction and Sexual Disorders, Organic Disorders, Learning Disability, References, Author and Subject Index. | ||
| 700 | 1 |
_aFrude Neil _93211 |
|
| 942 | _cBK | ||
| 999 |
_c2518 _d2518 |
||